|
|
|
|
| LEADER |
01081nam a2200277 a 4500 |
| 001 |
13984848 |
| 008 |
130409r20122005enka b 001 0 eng d |
| 010 |
|
|
|a 2004099537
|
| 020 |
|
|
|a 9780761944164
|
| 020 |
|
|
|a 9780761944171
|
| 020 |
|
|
|a 0761944176 (pbk.)
|
| 020 |
|
|
|a 0761944168 (hbk.)
|
| 040 |
|
|
|a UKM
|c UKM
|d BWKUK
|d OCL
|d BAKER
|d DLC
|d BD-DhAAL
|
| 082 |
0 |
4 |
|a 300.72
|2 22
|
| 100 |
1 |
|
|a Punch, Keith.
|
| 245 |
1 |
0 |
|a Introduction to social research :
|b quantitative and qualitative approaches /
|c Keith F. Punch.
|
| 250 |
|
|
|a 2nd ed.
|
| 260 |
|
|
|a London ;
|a Thousand Oaks, Calif. :
|b SAGE,
|c 2005.[Reprinted 2012]
|
| 300 |
|
|
|a xvi, 320 p. :
|b ill. ;
|c 25 cm.
|
| 500 |
|
|
|a Previous ed.: 1998.
|
| 504 |
|
|
|a Includes bibliographical references (p. [296]-308) and index.
|
| 541 |
|
|
|e 00026822
|
| 650 |
|
0 |
|a Social sciences
|x Research.
|
| 852 |
1 |
|
|a Ayesha Abed Library
|c General shelf.
|
| 999 |
|
|
|c 13290
|d 13290
|
| 952 |
|
|
|0 0
|1 0
|2 ddc
|4 0
|6 300_720000000000000_PUN
|7 0
|9 22164
|a JPGSPH
|b JPGSPH
|c GEN
|d 2013-04-10
|e Karim International
|g 3238.00
|l 0
|o 300.72 PUN
|p 3060026822
|r 2013-04-10
|t 1
|w 2013-04-10
|y BK
|